[Event "PNWCC Online blitz JP 8th"]
[Site "Chess.com INT"]
[Date "2020.05.02"]
[Round "2"]
[White "Bosiocic, Marin"]
[Black "Karjakin, Sergey"]
[Result "1/2-1/2"]
[WhiteElo "2625"]
[BlackElo "2752"]
[PlyCount "132"]
[EventDate "2020.05.02"]
[EventType "swiss (blitz)"]
[EventRounds "11"]
[EventCountry "USA"]
[SourceTitle "CBM 195 Extra"]
[Source "ChessBase"]
[SourceDate "2020.05.31"]
[SourceVersion "1"]
[SourceVersionDate "2020.05.31"]
[SourceQuality "1"]

1. e4 e5 2. Nf3 Nc6 3. Bb5 a6 4. Ba4 Nf6 5. d3 Bc5 6. c3 O-O 7. O-O d6 8. Bg5
h6 9. Bh4 g5 10. Bg3 Ba7 11. Nbd2 Kg7 12. Re1 Bg4 13. Nf1 Nh5 14. h3 Bd7 15. d4
exd4 16. Nxd4 Nxd4 17. Bxd7 Qxd7 18. cxd4 Kg6 19. Bh2 f5 20. Qd3 Nf6 21. e5
dxe5 22. Bxe5 Rae8 23. g4 h5 24. Bxf6 Rxe1 25. Rxe1 Rxf6 26. Ng3 Qxd4 27. gxf5+
Kf7 28. Qe2 Kg8 29. Qe8+ Rf8 30. Qg6+ Qg7 31. Qxh5 Qf7 32. Qxg5+ Qg7 33. Qxg7+
Kxg7 34. Re7+ Rf7 35. Rxf7+ Kxf7 36. Ne4 Bd4 37. b3 c5 38. Kf1 b5 39. Ke2 c4
40. bxc4 bxc4 41. h4 Kg7 42. Kd2 Kh6 43. f6 Kg6 44. f3 Be5 45. Ke3 Bb2 46. a4
a5 47. Kd2 Bd4 48. Ke2 Be5 49. Nd2 c3 50. Ne4 Kf7 51. Kd3 Kg6 52. Nxc3 Bxf6 53.
Ne2 Bxh4 54. Kc4 Be1 55. Kb5 Kf5 56. Nc1 Bc3 57. Nb3 Kf4 58. Nxa5 Kxf3 59. Nc6
Ke4 60. Nb4 Ke5 61. a5 Kd6 62. a6 Bd4 63. Nc6 Bg1 64. Na5 Kc7 65. Nc4 Kb8 66.
a7+ Kxa7 1/2-1/2

[Event "PNWCC Online blitz JP 8th"]
[Site "Chess.com INT"]
[Date "2020.05.02"]
[Round "3"]
[White "Karjakin, Sergey"]
[Black "Bernadskiy, Vitaliy"]
[Result "1-0"]
[WhiteElo "2752"]
[BlackElo "2629"]
[PlyCount "115"]
[EventDate "2020.05.02"]
[EventType "swiss (blitz)"]
[EventRounds "11"]
[EventCountry "USA"]
[SourceTitle "CBM 195 Extra"]
[Source "ChessBase"]
[SourceDate "2020.05.31"]
[SourceVersion "1"]
[SourceVersionDate "2020.05.31"]
[SourceQuality "1"]

1. e4 c5 2. Nf3 d6 3. d4 cxd4 4. Nxd4 Nf6 5. Nc3 a6 6. Bd3 e5 7. Nde2 Be7 8.
O-O O-O 9. Ng3 Nc6 10. Bc4 Be6 11. Nd5 Rc8 12. c3 Na5 13. Nxf6+ Bxf6 14. Bxe6
fxe6 15. Qg4 Qe7 16. Rd1 b5 17. Qe2 Rfd8 18. Qg4 Qf7 19. Nf1 Nc4 20. b3 Na5 21.
Ba3 Nb7 22. Rd3 Nc5 23. Bxc5 Rxc5 24. Rad1 Be7 25. Nd2 Qg6 26. Qxg6 hxg6 27. c4
Rdc8 28. g3 Kf7 29. Kg2 g5 30. Kf3 Kg6 31. h3 Rf8+ 32. Kg2 Rfc8 33. Ra1 R5c6
34. a4 b4 35. a5 Rc5 36. Ra4 Rb8 37. Nf3 Kf7 38. Rd2 Ke8 39. Ne1 Rc7 40. Kf3
Kf7 41. Nd3 Rcb7 42. c5 Rb5 43. cxd6 Bxd6 44. Nb2 Bc5 45. Nc4 Kf6 46. Rd7 Rf8
47. Ra2 Bd4 48. Kg4 Rc5 49. Rb7 Bc3 50. Rb6 Rfc8 51. Rxa6 Rxc4 52. bxc4 b3 53.
Ra3 b2 54. Rb6 Rxc4 55. a6 Bd4 56. Rb7 Rc1 57. Kh5 b1=Q 58. Rf3# 1-0

[Event "PNWCC Online blitz JP 8th"]
[Site "Chess.com INT"]
[Date "2020.05.02"]
[Round "4"]
[White "Karjakin, Sergey"]
[Black "Drygalov, Andrey"]
[Result "0-1"]
[WhiteElo "2752"]
[BlackElo "2495"]
[PlyCount "108"]
[EventDate "2020.05.02"]
[EventType "swiss (blitz)"]
[EventRounds "11"]
[EventCountry "USA"]
[SourceTitle "CBM 195 Extra"]
[Source "ChessBase"]
[SourceDate "2020.05.31"]
[SourceVersion "1"]
[SourceVersionDate "2020.05.31"]
[SourceQuality "1"]

1. e4 c5 2. Nf3 e6 3. d4 cxd4 4. Nxd4 a6 5. c4 Nf6 6. Nc3 Qc7 7. a3 d6 8. Be3
b6 9. Rc1 Bb7 10. f3 Be7 11. Be2 Nbd7 12. O-O O-O 13. b4 Rac8 14. Qd2 Qb8 15.
Rfd1 Rfe8 16. Bf1 h5 17. Qf2 Bd8 18. Kh1 Bc7 19. Qh4 Ne5 20. Bg1 Ng6 21. Qf2 h4
22. Qd2 d5 23. exd5 Bf4 24. Qa2 Bxc1 25. dxe6 fxe6 26. Rxc1 h3 27. c5 hxg2+ 28.
Bxg2 Nf4 29. Re1 Nxg2 30. Kxg2 Nd5 31. Nxd5 Bxd5 32. Qc2 bxc5 33. bxc5 Qf4 34.
Qc3 Qg4+ 35. Kf2 Qh4+ 36. Ke2 Rf8 37. Kd2 Rcd8 38. Kc1 Rc8 39. Re2 Qg5+ 40. Be3
Qh5 41. Rg2 e5 42. Nc2 Qxf3 43. Rg1 Qe4 44. Re1 Rf3 45. Qd2 Qc4 46. Rd1 Be4 47.
Re1 Kh7 48. Qe2 Qc3 49. Qd2 Qc4 50. Qe2 Bd3 51. Qg2 Rcf8 52. Rg1 g6 53. Re1 Rf2
54. Qh3+ Kg8 0-1

[Event "PNWCC Online blitz JP 8th"]
[Site "Chess.com INT"]
[Date "2020.05.02"]
[Round "5"]
[White "Margvelashvili, Giorgi"]
[Black "Karjakin, Sergey"]
[Result "0-1"]
[WhiteElo "2523"]
[BlackElo "2752"]
[PlyCount "68"]
[EventDate "2020.05.02"]
[EventType "swiss (blitz)"]
[EventRounds "11"]
[EventCountry "USA"]
[SourceTitle "CBM 195 Extra"]
[Source "ChessBase"]
[SourceDate "2020.05.31"]
[SourceVersion "1"]
[SourceVersionDate "2020.05.31"]
[SourceQuality "1"]

1. d4 Nf6 2. c4 e6 3. Nf3 d5 4. e3 Be7 5. Nbd2 O-O 6. Bd3 c5 7. dxc5 Na6 8. O-O
Nxc5 9. Be2 b6 10. b3 Bb7 11. Bb2 Rc8 12. Rc1 h6 13. Ne5 Qd6 14. cxd5 Nxd5 15.
Ndc4 Qd8 16. Qd4 Bf6 17. Rfd1 Qe7 18. h3 Rfd8 19. Bh5 g6 20. Qg4 Bg7 21. Bxg6
fxg6 22. Nxg6 Qg5 23. Rxd5 Rxd5 24. Qxg5 Rxg5 25. Ne7+ Kh7 26. Nxc8 Rxg2+ 27.
Kf1 Nd3 28. Rc2 Bf3 29. Nd2 Rxf2+ 30. Kg1 Rg2+ 31. Kf1 Rh2 32. Nxf3 Rxc2 33.
Bxg7 Kxg7 34. Nxa7 Rf2+ 0-1

[Event "PNWCC Online blitz JP 8th"]
[Site "Chess.com INT"]
[Date "2020.05.02"]
[Round "6"]
[White "Karjakin, Sergey"]
[Black "Postny, Evgeny"]
[Result "1-0"]
[WhiteElo "2752"]
[BlackElo "2600"]
[PlyCount "117"]
[EventDate "2020.05.02"]
[EventType "swiss (blitz)"]
[EventRounds "11"]
[EventCountry "USA"]
[SourceTitle "CBM 195 Extra"]
[Source "ChessBase"]
[SourceDate "2020.05.31"]
[SourceVersion "1"]
[SourceVersionDate "2020.05.31"]
[SourceQuality "1"]

1. e4 e5 2. Nf3 Nc6 3. Bc4 Nf6 4. d3 Be7 5. O-O d6 6. a3 O-O 7. Nc3 Be6 8. Nd5
h6 9. Nxf6+ Bxf6 10. Bxe6 fxe6 11. c3 Qe8 12. b4 a6 13. a4 Ne7 14. g3 Rd8 15.
Kg2 Qh5 16. h3 Kh8 17. Qe2 Rf7 18. b5 axb5 19. axb5 Rdf8 20. Nd4 Qxe2 21. Nxe2
Nc8 22. Be3 d5 23. c4 dxe4 24. dxe4 Nd6 25. Ra4 Nxe4 26. c5 Ng5 27. h4 Nh7 28.
Ra7 c6 29. Nc3 Rc8 30. Rb1 Kg8 31. Ne4 Be7 32. Rxb7 cxb5 33. R1xb5 Nf6 34. Rb8
Rff8 35. Rxc8 Rxc8 36. f3 Nd5 37. Bd2 Kf7 38. Kf2 Ke8 39. Rb7 Rc7 40. Rb8+ Kf7
41. Rb5 Ke8 42. Ke2 Ra7 43. Rb8+ Kf7 44. Kd3 Ra3+ 45. Ke2 Ra2 46. Nd6+ Bxd6 47.
cxd6 Ra7 48. Bc1 Rd7 49. Ba3 Nf6 50. Kd3 Ne8 51. Rb6 Nf6 52. Kc4 Ra7 53. Bb4
Nd7 54. Rc6 Rb7 55. Rc7 Rxc7+ 56. dxc7 Nb6+ 57. Kb5 Nc8 58. Kc6 Ke8 59. h5 1-0

[Event "PNWCC Online blitz JP 8th"]
[Site "Chess.com INT"]
[Date "2020.05.02"]
[Round "7"]
[White "Dominguez Perez, Leinier"]
[Black "Karjakin, Sergey"]
[Result "0-1"]
[WhiteElo "2758"]
[BlackElo "2752"]
[PlyCount "100"]
[EventDate "2020.05.02"]
[EventType "swiss (blitz)"]
[EventRounds "11"]
[EventCountry "USA"]
[SourceTitle "CBM 195 Extra"]
[Source "ChessBase"]
[SourceDate "2020.05.31"]
[SourceVersion "1"]
[SourceVersionDate "2020.05.31"]
[SourceQuality "1"]

1. e4 e5 2. Nf3 Nc6 3. Bb5 Nf6 4. d3 Bc5 5. Bxc6 dxc6 6. Nbd2 O-O 7. Qe2 Re8 8.
Nc4 Nd7 9. Bd2 b5 10. Ne3 Bd6 11. g4 Nc5 12. Nf5 Ne6 13. O-O-O c5 14. h4 a5 15.
h5 a4 16. Rdg1 b4 17. g5 b3 18. a3 Nf4 19. Bxf4 exf4 20. Nxd6 Qxd6 21. Qd2 bxc2
22. Qc3 Qf8 23. Rh4 Rb8 24. Nd2 Qd6 25. h6 Qd4 26. Qxd4 cxd4 27. Rxf4 Be6 28.
Kxc2 Rb5 29. Rb1 Reb8 30. Nc4 Rxg5 31. hxg7 Kxg7 32. b3 axb3+ 33. Rxb3 Ra8 34.
Rb4 c5 35. Rb3 h5 36. Kb2 Rg4 37. Rxg4+ Bxg4 38. Ne5 Be6 39. Rb5 Rc8 40. a4 Kf6
41. Nf3 Bg4 42. Nh2 Be2 43. Kc2 c4 44. dxc4 Rxc4+ 45. Kd2 d3 46. Rb6+ Ke5 47.
Ke3 Rxe4+ 48. Kd2 Rxa4 49. Ke3 Re4+ 50. Kd2 Rh4 0-1

[Event "PNWCC Online blitz JP 8th"]
[Site "Chess.com INT"]
[Date "2020.05.02"]
[Round "8"]
[White "Indjic, Aleksandar"]
[Black "Karjakin, Sergey"]
[Result "0-1"]
[WhiteElo "2618"]
[BlackElo "2752"]
[PlyCount "78"]
[EventDate "2020.05.02"]
[EventType "swiss (blitz)"]
[EventRounds "11"]
[EventCountry "USA"]
[SourceTitle "CBM 195 Extra"]
[Source "ChessBase"]
[SourceDate "2020.05.31"]
[SourceVersion "1"]
[SourceVersionDate "2020.05.31"]
[SourceQuality "1"]

1. c4 e5 2. Nc3 Nf6 3. e3 Nc6 4. g4 h6 5. Bg2 d6 6. h3 g6 7. Nge2 Bg7 8. d4 O-O
9. b3 a6 10. f4 exf4 11. Nxf4 Re8 12. O-O Bd7 13. Qf3 Rf8 14. Bd2 Rb8 15. a4
Ne7 16. b4 g5 17. Nd3 Ng6 18. Qg3 Be6 19. Nd5 Nh4 20. Nxf6+ Bxf6 21. Rxf6 Qxf6
22. Rf1 Qg6 23. e4 Nxg2 24. Qxg2 Bxc4 25. Qf3 Rbe8 26. Nf2 Bxf1 27. Kxf1 Re6
28. Kg2 Rf6 29. Qe3 Re8 30. e5 dxe5 31. dxe5 Qc2 32. Qd4 Qc6+ 33. Ne4 Rfe6 34.
b5 axb5 35. axb5 Qxb5 36. Bc3 Qe2+ 37. Kg3 b5 38. h4 gxh4+ 39. Kxh4 Qh2# 0-1

[Event "PNWCC Online blitz JP 8th"]
[Site "Chess.com INT"]
[Date "2020.05.02"]
[Round "9"]
[White "Karjakin, Sergey"]
[Black "Livaic, Leon"]
[Result "0-1"]
[WhiteElo "2752"]
[BlackElo "2507"]
[PlyCount "66"]
[EventDate "2020.05.02"]
[EventType "swiss (blitz)"]
[EventRounds "11"]
[EventCountry "USA"]
[SourceTitle "CBM 195 Extra"]
[Source "ChessBase"]
[SourceDate "2020.05.31"]
[SourceVersion "1"]
[SourceVersionDate "2020.05.31"]
[SourceQuality "1"]

1. e4 e6 2. d4 d5 3. Nc3 Bb4 4. e5 c5 5. a3 Bxc3+ 6. bxc3 Ne7 7. Qg4 Qc7 8. Bd3
Qa5 9. Bd2 c4 10. Be2 Nf5 11. a4 Nc6 12. Nf3 Bd7 13. O-O O-O-O 14. Rfb1 f6 15.
h4 Rdf8 16. h5 h6 17. Qh3 fxe5 18. dxe5 Qc7 19. Qh2 Rhg8 20. Bc1 g5 21. hxg6
Rxg6 22. Ba3 Rfg8 23. Bf1 d4 24. Bd6 Qa5 25. Ra3 Qd5 26. Qh3 Nxd6 27. exd6 e5
28. Qh5 Bg4 29. d7+ Kc7 30. Qh4 Bxf3 31. g3 Rg5 32. Rb5 Qd6 33. Bxc4 Qxa3 0-1

[Event "PNWCC Online blitz JP 8th"]
[Site "Chess.com INT"]
[Date "2020.05.02"]
[Round "10"]
[White "Karjakin, Sergey"]
[Black "Harsha, Bharathakoti"]
[Result "1/2-1/2"]
[WhiteElo "2752"]
[BlackElo "2509"]
[PlyCount "68"]
[EventDate "2020.05.02"]
[EventType "swiss (blitz)"]
[EventRounds "11"]
[EventCountry "USA"]
[SourceTitle "CBM 195 Extra"]
[Source "ChessBase"]
[SourceDate "2020.05.31"]
[SourceVersion "1"]
[SourceVersionDate "2020.05.31"]
[SourceQuality "1"]

1. e4 c5 2. Nf3 d6 3. d4 cxd4 4. Nxd4 Nf6 5. Nc3 Nc6 6. Bg5 e6 7. Qd2 a6 8.
O-O-O Bd7 9. f4 b5 10. Bxf6 gxf6 11. Kb1 Qb6 12. Nxc6 Bxc6 13. f5 b4 14. Ne2 e5
15. Ng3 Qc5 16. Bd3 h5 17. h4 Bh6 18. Qe2 Qe3 19. Nxh5 Ke7 20. Qf1 Bxe4 21. Rh3
Bxd3 22. Rxd3 Qc1+ 23. Qxc1 Bxc1 24. Nxf6 Kxf6 25. Kxc1 Kxf5 26. Rxd6 Rag8 27.
Rd2 Rg4 28. Rf2+ Ke6 29. Rhf3 Rhxh4 30. Rxf7 Rxg2 31. R7f6+ Ke7 32. Rf7+ Ke6
33. R7f6+ Ke7 34. Rf7+ Ke6 1/2-1/2

[Event "PNWCC Online blitz JP 8th"]
[Site "Chess.com INT"]
[Date "2020.05.02"]
[Round "11"]
[White "Jumabayev, Rinat"]
[Black "Karjakin, Sergey"]
[Result "1-0"]
[WhiteElo "2654"]
[BlackElo "2752"]
[PlyCount "87"]
[EventDate "2020.05.02"]
[EventType "swiss (blitz)"]
[EventRounds "11"]
[EventCountry "USA"]
[SourceTitle "CBM 195 Extra"]
[Source "ChessBase"]
[SourceDate "2020.05.31"]
[SourceVersion "1"]
[SourceVersionDate "2020.05.31"]
[SourceQuality "1"]

1. d4 Nf6 2. Bf4 d5 3. e3 c5 4. c3 Nc6 5. Nd2 Bg4 6. Qb3 Na5 7. Bb5+ Bd7 8. Qa4
cxd4 9. exd4 a6 10. Bxd7+ Nxd7 11. Ngf3 e6 12. O-O Be7 13. Qc2 O-O 14. a4 b5
15. b4 Nc4 16. Nb3 Ndb6 17. axb5 axb5 18. Nc5 h6 19. h3 Qc8 20. Rfd1 Qc6 21.
Ne1 Rxa1 22. Rxa1 Ra8 23. Ra2 Rxa2 24. Qxa2 Na4 25. Qc2 e5 26. dxe5 Bxc5 27.
bxc5 Nxc5 28. Nf3 Ne6 29. Bc1 Qa6 30. Qb1 Qa4 31. Bd2 d4 32. Be1 dxc3 33. Bxc3
Qa3 34. Be1 Nb2 35. Qc2 Nc4 36. Qe4 Qc5 37. Qb7 g6 38. Qb8+ Kg7 39. h4 Nb2 40.
Bd2 Nd3 41. Bxh6+ Kh7 42. Be3 Qd5 43. Qe8 Ng7 44. Ng5+ 1-0

[Event "PNWCC Online blitz JP 9th"]
[Site "Chess.com INT"]
[Date "2020.05.09"]
[Round "1"]
[White "Divya, Deshmukh"]
[Black "Karjakin, Sergey"]
[Result "0-1"]
[WhiteElo "2305"]
[BlackElo "2752"]
[PlyCount "94"]
[EventDate "2020.05.09"]
[EventType "swiss (blitz)"]
[EventRounds "11"]
[EventCountry "USA"]
[SourceTitle "CBM 196 Extra"]
[Source "ChessBase"]
[SourceDate "2020.07.31"]
[SourceVersion "1"]
[SourceVersionDate "2020.07.31"]
[SourceQuality "1"]

1. e4 c5 2. Nf3 d6 3. d4 cxd4 4. Nxd4 Nf6 5. Nc3 a6 6. Bg5 e6 7. f4 Qc7 8. Qf3
b5 9. O-O-O Bb7 10. Bd3 Nbd7 11. Rhe1 Qb6 12. Qe3 Be7 13. h3 h6 14. Bh4 Ng4 15.
hxg4 Bxh4 16. g3 Bf6 17. Nce2 Nc5 18. Kb1 Rc8 19. Nb3 Na4 20. Qxb6 Nxb6 21. Na5
Ba8 22. Ng1 Ke7 23. g5 hxg5 24. e5 g4 25. exf6+ gxf6 26. Ne2 Rh3 27. Nd4 Kf8
28. Rg1 Kg7 29. f5 e5 30. Ndb3 Bf3 31. Rd2 d5 32. Be2 Kh6 33. Nb7 Nc4 34. Bxc4
bxc4 35. Nd6 Rc6 36. Nxf7+ Kg7 37. Na5 Rc5 38. Nb7 Rb5 39. Nfd6 c3 40. Rd3
Rxb2+ 41. Ka1 Rxc2 42. Nc5 Rhh2 43. Ne6+ Kh6 44. Nf7+ Kh7 45. Nfg5+ fxg5 46.
Nxg5+ Kg7 47. Ne6+ Kf6 0-1

[Event "PNWCC Online blitz JP 9th"]
[Site "Chess.com INT"]
[Date "2020.05.09"]
[Round "2"]
[White "Karjakin, Sergey"]
[Black "He, Anthony B"]
[Result "1-0"]
[WhiteElo "2752"]
[BlackElo "2337"]
[PlyCount "69"]
[EventDate "2020.05.09"]
[EventType "swiss (blitz)"]
[EventRounds "11"]
[EventCountry "USA"]
[SourceTitle "CBM 196 Extra"]
[Source "ChessBase"]
[SourceDate "2020.07.31"]
[SourceVersion "1"]
[SourceVersionDate "2020.07.31"]
[SourceQuality "1"]

1. e4 c5 2. Nf3 Nc6 3. Nc3 d6 4. d4 cxd4 5. Nxd4 Nf6 6. Bg5 e6 7. Qd2 a6 8.
O-O-O Bd7 9. f4 Be7 10. Nf3 b5 11. Bxf6 gxf6 12. f5 Qb6 13. Qh6 O-O-O 14. Qh5
Be8 15. Kb1 Kb8 16. Bd3 Rc8 17. Rhe1 Na5 18. fxe6 fxe6 19. Qg4 b4 20. Ne2 e5
21. Nh4 Ba4 22. Nc1 Rhg8 23. Qe6 Rge8 24. Nf5 Nb7 25. Nxe7 Qc7 26. Qxf6 Rxe7
27. b3 Bb5 28. Qf2 Rf7 29. Qe2 Qc5 30. Bxb5 Rf2 31. Nd3 Rxe2 32. Nxc5 Rxe1 33.
Nxa6+ Ka7 34. Rxe1 Kb6 35. Bd3 1-0

[Event "PNWCC Online blitz JP 9th"]
[Site "Chess.com INT"]
[Date "2020.05.09"]
[Round "3"]
[White "Lenderman, Aleksandr"]
[Black "Karjakin, Sergey"]
[Result "1/2-1/2"]
[WhiteElo "2634"]
[BlackElo "2752"]
[PlyCount "81"]
[EventDate "2020.05.09"]
[EventType "swiss (blitz)"]
[EventRounds "11"]
[EventCountry "USA"]
[SourceTitle "CBM 196 Extra"]
[Source "ChessBase"]
[SourceDate "2020.07.31"]
[SourceVersion "1"]
[SourceVersionDate "2020.07.31"]
[SourceQuality "1"]

1. Nf3 d5 2. e3 Nf6 3. c4 e6 4. b3 c5 5. Bb2 Nc6 6. cxd5 exd5 7. Bb5 Bd6 8. O-O
O-O 9. d4 cxd4 10. Nxd4 Bc7 11. Nd2 Qd6 12. N2f3 Bg4 13. Bxc6 bxc6 14. Qc2 Bd7
15. Nf5 Bxf5 16. Qxf5 Ne4 17. Be5 Qe7 18. Rac1 Rfe8 19. Bxc7 Qxc7 20. Qxd5
Qxh2+ 21. Kxh2 cxd5 22. Rc2 g6 23. Rfc1 a5 24. Nd4 Re7 25. Kg1 Kg7 26. f3 Nd6
27. Kf2 a4 28. Rc6 axb3 29. axb3 Ne8 30. R1c2 h5 31. b4 Ra4 32. Rb2 Rb7 33. b5
Nf6 34. b6 Nd7 35. Rd6 Ra8 36. Rb5 Rab8 37. Nc6 Rxb6 38. Rxb6 Rxb6 39. Rxd7
Rxc6 40. Rxd5 Rc2+ 41. Kf1 1/2-1/2

[Event "PNWCC Online blitz JP 9th"]
[Site "Chess.com INT"]
[Date "2020.05.09"]
[Round "4"]
[White "Karjakin, Sergey"]
[Black "Pichot, Alan"]
[Result "1-0"]
[WhiteElo "2752"]
[BlackElo "2630"]
[PlyCount "89"]
[EventDate "2020.05.09"]
[EventType "swiss (blitz)"]
[EventRounds "11"]
[EventCountry "USA"]
[SourceTitle "CBM 196 Extra"]
[Source "ChessBase"]
[SourceDate "2020.07.31"]
[SourceVersion "1"]
[SourceVersionDate "2020.07.31"]
[SourceQuality "1"]

1. e4 e5 2. Nf3 Nc6 3. Bc4 Bc5 4. c3 Nf6 5. d3 O-O 6. O-O d6 7. h3 h6 8. Nbd2
a6 9. a4 Ba7 10. Re1 Ne7 11. d4 Ng6 12. Bd3 Re8 13. Bc2 Be6 14. Nf1 Nh5 15. Be3
Nhf4 16. N1h2 Qd7 17. Kh1 Qe7 18. Qd2 Rad8 19. d5 Bxh3 20. gxh3 Bxe3 21. fxe3
Nxh3 22. Qg2 Ng5 23. Nxg5 hxg5 24. Rg1 f6 25. Raf1 Qd7 26. Bd1 Nh4 27. Qc2 Qh3
28. Re1 Qd7 29. Bg4 Qf7 30. Be6 Rxe6 31. dxe6 Qxe6 32. Qd1 Kf7 33. Qh5+ Ke7 34.
Ref1 Qc4 35. Qh7 Rf8 36. Nf3 Qe6 37. Nxg5 fxg5 38. Qxg7+ Rf7 39. Rxf7+ Qxf7 40.
Qxg5+ Qf6 41. Qg7+ Ke6 42. Qg8+ Qf7 43. Qc8+ Ke7 44. Qxc7+ Kf8 45. Qxd6+ 1-0

[Event "PNWCC Online blitz JP 9th"]
[Site "Chess.com INT"]
[Date "2020.05.09"]
[Round "5"]
[White "Le, Tuan Minh"]
[Black "Karjakin, Sergey"]
[Result "0-1"]
[WhiteElo "2501"]
[BlackElo "2752"]
[PlyCount "140"]
[EventDate "2020.05.09"]
[EventType "swiss (blitz)"]
[EventRounds "11"]
[EventCountry "USA"]
[SourceTitle "CBM 196 Extra"]
[Source "ChessBase"]
[SourceDate "2020.07.31"]
[SourceVersion "1"]
[SourceVersionDate "2020.07.31"]
[SourceQuality "1"]

1. d4 Nf6 2. Nf3 d5 3. Bf4 c5 4. c3 Qb6 5. Qc2 Nc6 6. e3 Bg4 7. Nbd2 e6 8. Be2
Rc8 9. Qb3 Be7 10. h3 Bh5 11. O-O O-O 12. dxc5 Bxc5 13. Rfe1 h6 14. Rad1 Rfd8
15. Qxb6 Bxb6 16. Nb3 g5 17. Bh2 Ne4 18. Nfd4 Bxe2 19. Rxe2 Kg7 20. Nd2 Nc5 21.
N2b3 Ne4 22. Nd2 Nd6 23. N2f3 Nc4 24. Nxc6 bxc6 25. b3 Nd6 26. Be5+ f6 27. Bxd6
Rxd6 28. c4 Rcd8 29. Rc1 c5 30. cxd5 exd5 31. Rd2 f5 32. Kf1 Kf6 33. Ne1 Rc8
34. Rdc2 Rdc6 35. Nd3 R6c7 36. Ke2 Ke6 37. g4 Kf6 38. Ne1 Ke6 39. Nf3 Kf6 40.
Rd1 Rd8 41. Nd2 Re7 42. Kf3 Rf8 43. Kg2 Ke6 44. Nf1 f4 45. Rcd2 Rd7 46. exf4
Rxf4 47. Ng3 d4 48. Re2+ Kd5 49. Nf5 Re4 50. Rc2 Re6 51. a3 a5 52. Ne3+ Kc6 53.
Nc4 Kb5 54. Rdc1 Ba7 55. Nb2 Rd5 56. Nd3 Re7 57. a4+ Kc6 58. b4 axb4 59. Nxb4+
Kd6 60. Nxd5 Kxd5 61. a5 Re6 62. Kf3 Ra6 63. Re1 Rxa5 64. Re8 Ra3+ 65. Kg2 d3
66. Rd8+ Kc6 67. Rc1 Bb6 68. Rf8 Rb3 69. Kf1 Kd5 70. Rd8+ Bxd8 0-1

[Event "PNWCC Online blitz JP 9th"]
[Site "Chess.com INT"]
[Date "2020.05.09"]
[Round "6"]
[White "Nihal, Sarin"]
[Black "Karjakin, Sergey"]
[Result "1/2-1/2"]
[WhiteElo "2620"]
[BlackElo "2752"]
[PlyCount "66"]
[EventDate "2020.05.09"]
[EventType "swiss (blitz)"]
[EventRounds "11"]
[EventCountry "USA"]
[SourceTitle "CBM 196 Extra"]
[Source "ChessBase"]
[SourceDate "2020.07.31"]
[SourceVersion "1"]
[SourceVersionDate "2020.07.31"]
[SourceQuality "1"]

1. e4 e5 2. Nf3 Nc6 3. Bb5 Nf6 4. d3 Bc5 5. O-O Nd4 6. Be3 Nxf3+ 7. Qxf3 Bxe3
8. Qxe3 c6 9. Ba4 O-O 10. Nc3 d6 11. h3 Qb6 12. Bb3 Qxe3 13. fxe3 Be6 14. Bxe6
fxe6 15. d4 Kf7 16. Rad1 Ke7 17. g4 a5 18. a4 Rab8 19. g5 Nd7 20. Rxf8 Rxf8 21.
Kg2 h6 22. gxh6 gxh6 23. Rf1 Rg8+ 24. Kf2 Rg5 25. Rg1 Kf6 26. Rxg5 Kxg5 27. Kg3
Nf6 28. h4+ Kh5 29. dxe5 dxe5 30. Kh3 Nd7 31. Kg3 Nf6 32. Kh3 Kg6 33. Kg3 Kh5
1/2-1/2

[Event "PNWCC Online blitz JP 9th"]
[Site "Chess.com INT"]
[Date "2020.05.09"]
[Round "7"]
[White "Karjakin, Sergey"]
[Black "Sevian, Samuel"]
[Result "1/2-1/2"]
[WhiteElo "2752"]
[BlackElo "2660"]
[PlyCount "172"]
[EventDate "2020.05.09"]
[EventType "swiss (blitz)"]
[EventRounds "11"]
[EventCountry "USA"]
[SourceTitle "CBM 196 Extra"]
[Source "ChessBase"]
[SourceDate "2020.07.31"]
[SourceVersion "1"]
[SourceVersionDate "2020.07.31"]
[SourceQuality "1"]

1. e4 c6 2. d4 d5 3. e5 Bf5 4. Nf3 e6 5. Be2 Ne7 6. c3 h6 7. O-O Nd7 8. Nbd2 c5
9. dxc5 Nxc5 10. Nd4 Nd7 11. Nxf5 Nxf5 12. Bd3 g6 13. Re1 Bg7 14. Nf3 Ne7 15.
h4 Nc6 16. Bf4 Rc8 17. Qd2 a6 18. Rad1 Na5 19. Qe2 Qe7 20. g3 Nc4 21. Rc1 Rc7
22. Kg2 Rg8 23. b3 Na5 24. Qd2 Nc6 25. Bxh6 Ndxe5 26. Nxe5 Bxe5 27. c4 dxc4 28.
Rxc4 Bf6 29. Be4 Nd8 30. Rxc7 Qxc7 31. Bf4 Qd7 32. Qe2 Qb5 33. Qxb5+ axb5 34.
Rc1 e5 35. Bd2 Be7 36. Bd3 b4 37. Bb5+ Nc6 38. Bxc6+ bxc6 39. Rxc6 Kd7 40. Ra6
Rc8 41. Ra7+ Ke6 42. Rb7 Rc2 43. Bxb4 Bxb4 44. Rxb4 Rxa2 45. Rb6+ Kf5 46. Kf3
e4+ 47. Ke3 Rc2 48. Rb5+ Ke6 49. g4 f5 50. gxf5+ gxf5 51. h5 Rc3+ 52. Ke2 Rh3
53. h6 f4 54. b4 Rh2 55. Ke1 Kd6 56. Ra5 Kc6 57. Rf5 Rxh6 58. Rxf4 Kd5 59. Ke2
Rh3 60. Rf5+ Kc4 61. Re5 Kd4 62. Re8 Rb3 63. Rd8+ Ke5 64. Rb8 Kf4 65. b5 Rb2+
66. Ke1 Ke5 67. b6 Kd6 68. Kf1 Kc6 69. Re8 Rxb6 70. Rxe4 Kd5 71. Re8 Rf6 72.
Kg2 Rf7 73. f3 Kd4 74. Kg3 Rg7+ 75. Kh4 Rf7 76. Kg4 Rg7+ 77. Kf4 Rf7+ 78. Kg3
Rg7+ 79. Kf2 Rf7 80. Ke2 Rf6 81. Re7 Rf8 82. Kf2 Kd5 83. Re4 Kd6 84. f4 Rf6 85.
Kf3 Re6 86. Ra4 Ke7 1/2-1/2

[Event "PNWCC Online blitz JP 9th"]
[Site "Chess.com INT"]
[Date "2020.05.09"]
[Round "8"]
[White "Karjakin, Sergey"]
[Black "Xiong, Jeffery"]
[Result "1-0"]
[WhiteElo "2752"]
[BlackElo "2709"]
[PlyCount "85"]
[EventDate "2020.05.09"]
[EventType "swiss (blitz)"]
[EventRounds "11"]
[EventCountry "USA"]
[SourceTitle "CBM 196 Extra"]
[Source "ChessBase"]
[SourceDate "2020.07.31"]
[SourceVersion "1"]
[SourceVersionDate "2020.07.31"]
[SourceQuality "1"]

1. e4 c5 2. Nf3 e6 3. d4 cxd4 4. Nxd4 Nc6 5. Nc3 a6 6. Be2 Qc7 7. Nxc6 dxc6 8.
O-O e5 9. f4 Bd6 10. f5 b5 11. Be3 Nf6 12. Bf3 Bb7 13. a4 b4 14. Nb1 c5 15. Nd2
c4 16. c3 O-O 17. Qe2 Rac8 18. Kh1 Rfd8 19. g4 Bc5 20. Bxc5 Qxc5 21. g5 Ne8 22.
Bg2 Rd3 23. Rf3 Rcd8 24. Nf1 bxc3 25. bxc3 Qa5 26. Rb1 Bc6 27. Rb4 Qc5 28. Rxd3
cxd3 29. Qa2 d2 30. Nxd2 Qxc3 31. g6 Nf6 32. gxf7+ Kf8 33. Rb2 Rxd2 34. Rb8+
Ne8 35. fxe8=Q+ Bxe8 36. Qb1 Qd4 37. Bf3 Rf2 38. Bh5 g6 39. fxg6 Qc4 40. Rxe8+
Kxe8 41. gxh7+ Ke7 42. Qb7+ Kd6 43. Qb6+ 1-0